| 000 | 01150cab a2200253 4500 | ||
|---|---|---|---|
| 001 | ABS52099 | ||
| 008 | 090401t1994 xxu||||| |||| 00| 0 eng d | ||
| 035 | _a(Sirsi) u60560 | ||
| 041 | _aeng | ||
| 100 | _aClayton, M. | ||
| 245 | _aCo-ordinated Project Information : a common arrangement for conservation works | ||
| 260 | _c1994 | ||
| 350 | _a0 | ||
| 490 |
_aBuilding Conservation Newsletter _v(11) Winter 1994, 19-20(2) |
||
| 520 | _aDiscusses how Co-ordinated Project Information (CPI) can be used when undertaking conservation work and reviews the proposed draft development strategy "A common arrangement for building conservation works" which is aimed at improving the quality and standards of project information produced by building professionals when describing and detailing conservation works. Outlines the section on demolition, alteration and renovation. | ||
| 650 | _aCOMMON ARRANGEMENT OF WORK SECTIONS | ||
| 650 | _aCO-ORDINATED PROJECT INFORMATION | ||
| 650 | _aCOMMON ARRANGEMENT | ||
| 650 | _aDEVELOPMENT STRATEGY | ||
| 650 | _aPROJECT INFORMATION | ||
| 690 | _aCONSERVATION | ||
| 942 | _n0 | ||
| 948 | _c04/03/1997 | ||
| 999 |
_c37376 _d37376 |
||